1723 1297 1449 1289 1159 1246 1334 1783 1716 1108 1978 1122 1497 1359 1392 1395 1387 1102 1627 1678 1973 1996 1697 1332 1633 1665 1511 1366 1640 1332 1555 1147 1419 1779 1642 1832 1380 1922 1606 1489 1695 1851 1942 1214 1942 1614 1273 1439 1011 1739 1674 1268 1398 1130 1444 1242 1774 1344 1309 1297 1104 1747 1673 1071 1403 1338 1380 1131 1797 1782 1882 1380 1117 1370 1283 1677 1578 1767 1610 1935 1648 1091 1880 1806 1485 1919 1611 1021 1023 1154 1059 1696 1255 1889 1299 1880 1096 1975 1193 BCNSPRNW ULIB Ver.6.0+V

เปลี่ยนเป็นภาษาไทย

Change to English
 แสดงรายละเอียดบรรณานุกรม
  กลับหน้าหลัก

Brief Record : Get Marc (ISO 2709) : E-mail record : QR code < ปิดหน้าต่าง
LEADER : 00000nam 2200000uu 4500
001    13399114178
003     ULIB
008    120228s2553||||th 000 0 tha d
020    ^a9749245407
060 04 ^aWY150^bร765ค
099    ^aเรณู อาจสาลี
245 10 ^aคำศัพท์การพยาบาลผู้ใหญ่ /^cเรณู อาจสาลี
250    ^aพิมพ์ครั้งที่ 5
260    ^aกรุงเทพฯ :^bคณะพยาบาลศาสตร์ มหาวิทยาลัยมหิดล,^c2553
300    ^a187 หน้า
650  7 ^aการพยาบาลผู้ใหญ่^xคำศัพท์
710 2  ^aมหาวิทยาลัยมหิดล^bคณะพยาบาลศาสตร์
945    ^p60^l0^i18783
945    ^p60^l0^i18784
995  ก ^aณชพร
999    ^aใช้งานได้ทุกระบบ
รายการนี้ยังไม่มีแท็ก
คุณยังไม่ได้ล็อกอิน คุณสามารถมีกิจกรรมร่วมกับเว็บไซต์ได้ แต่ต้องล็อกอินก่อน ::
  ล็อกอิน

รายการสื่อสารสนเทศ

ลำดับที่ ประเภท เลขเรียก/บาร์โค้ด สถานที่ สถานะ
1. วิทยาศาสตร์การแพทย์ และสุขภาพ
วิทยาศาสตร์การแพทย์ และสุขภาพ
เรณู อาจสาลี WY150 ร765ค  
  Barcode: 18783
ห้องสมุดวิทยาเขตนครสวรรค์
►ส่วนจัดเก็บหนังสือเก่า นว.
บนชั้น
  ขอยืม
2. วิทยาศาสตร์การแพทย์ และสุขภาพ
วิทยาศาสตร์การแพทย์ และสุขภาพ
เรณู อาจสาลี WY150 ร765ค ฉ.2 
  Barcode: 18784
ห้องสมุดวิทยาเขตนครสวรรค์
►ส่วนจัดเก็บหนังสือเก่า นว.
บนชั้น
  ขอยืม

BibComment


ยังไม่เคยถูกคอมเมนท์

คอมเมนท์ทรัพยากรรายการนี้
  คอมเมนท์: คำศัพท์การพยาบาล..


 Copyright 2026. Bcnsprnw @Library